Cardiopulmonary cerebral resuscitation / (Record no. 3457)
[ view plain ]
| 000 -LEADER | |
|---|---|
| fixed length control field | 01348cam a2200349 a 4500 |
| 001 - CONTROL NUMBER | |
| control field | 425390 |
| 003 - CONTROL NUMBER IDENTIFIER | |
| control field | CaAEU |
| 005 - DATE AND TIME OF LATEST TRANSACTION | |
| control field | 20211116062201.0 |
| 008 - FIXED-LENGTH DATA ELEMENTS--GENERAL INFORMATION | |
| fixed length control field | 821025s1981 no a b 1 0 eng d |
| 015 ## - NATIONAL BIBLIOGRAPHY NUMBER | |
| National bibliography number | NLM82007784 |
| 020 ## - INTERNATIONAL STANDARD BOOK NUMBER | |
| International Standard Book Number | 8299073804 |
| 035 ## - SYSTEM CONTROL NUMBER | |
| System control number | ocm08453758 |
| 040 ## - CATALOGING SOURCE | |
| Original cataloging agency | DNLM |
| Language of cataloging | eng |
| Transcribing agency | DNLM |
| 049 ## - LOCAL HOLDINGS (OCLC) | |
| Holding library | bvau |
| 050 #4 - LIBRARY OF CONGRESS CALL NUMBER | |
| Classification number | RC 86.7 |
| Item number | S12 1981 |
| 060 #0 - NATIONAL LIBRARY OF MEDICINE CALL NUMBER | |
| Classification number | WO 250 S128c 1981 |
| 090 00 - LOCALLY ASSIGNED LC-TYPE CALL NUMBER (OCLC); LOCAL CALL NUMBER (RLIN) | |
| Classification number (OCLC) (R) ; Classification number, CALL (RLIN) (NR) | RC 86.7 S12 1981 |
| Local cutter number (OCLC) ; Book number/undivided call number, CALL (RLIN) | AEU |
| 100 1# - MAIN ENTRY--PERSONAL NAME | |
| Personal name | Safar, Peter, |
| Dates associated with a name | 1924- |
| 245 10 - TITLE STATEMENT | |
| Title | Cardiopulmonary cerebral resuscitation / |
| Statement of responsibility, etc. | by Peter Safar ; prepared for the World Federation of Societies of Anaesthesiologists. |
| 260 ## - PUBLICATION, DISTRIBUTION, ETC. | |
| Place of publication, distribution, etc. | Stavanger, Norway : |
| Name of publisher, distributor, etc. | Asmund S. Laerdal ; |
| Place of publication, distribution, etc. | Philadelphia : |
| Name of publisher, distributor, etc. | Saunders [distributor], |
| Date of publication, distribution, etc. | c1981. |
| 300 ## - PHYSICAL DESCRIPTION | |
| Extent | 240 p. : |
| Other physical details | ill. ; |
| Dimensions | 21 cm. |
| 336 ## - CONTENT TYPE | |
| Content type term | text |
| Content type code | txt |
| Source | rdacontent |
| 337 ## - MEDIA TYPE | |
| Media type term | unmediated |
| Media type code | n |
| Source | rdamedia |
| 338 ## - CARRIER TYPE | |
| Carrier type term | volume |
| Carrier type code | nc |
| Source | rdacarrier |
| 500 ## - GENERAL NOTE | |
| General note | "A color slide set of illustrations in this book is available from the distributors." |
| 500 ## - GENERAL NOTE | |
| General note | Includes index. |
| 504 ## - BIBLIOGRAPHY, ETC. NOTE | |
| Bibliography, etc. note | Bibliography: p. 220-230. |
| 583 1# - ACTION NOTE | |
| Action | committed to retain |
| Time/date of action | 20170930 |
| Action interval | 20421231 |
| Authorization | HathiTrust |
| Uniform Resource Identifier | <a href="https://www.hathitrust.org/shared_print_program">https://www.hathitrust.org/shared_print_program</a> |
| Institution to which field applies | AEU |
| Public note | HathiTrust Shared Print commitment 2017 |
| 650 #0 - SUBJECT ADDED ENTRY--TOPICAL TERM | |
| Topical term or geographic name entry element | Resuscitation |
| Form subdivision | Handbooks, manuals, etc. |
| 710 2# - ADDED ENTRY--CORPORATE NAME | |
| Corporate name or jurisdiction name as entry element | World Federation of Societies of Anaesthesiologists. |
| 942 ## - ADDED ENTRY ELEMENTS (KOHA) | |
| Source of classification or shelving scheme | |
| Koha item type | Book |
| Withdrawn status | Lost status | Source of classification or shelving scheme | Damaged status | Not for loan | Permanent Location | Current Location | Shelving location | Date acquired | Source of acquisition | Total Checkouts | Full call number | Barcode | Date last seen | Price effective from | Koha item type | Public note | Copy number |
|---|---|---|---|---|---|---|---|---|---|---|---|---|---|---|---|---|---|
| AU LIBRARY | AU LIBRARY | Open Shelf | 16.11.2021 | DONATION FROM MOI UNIVERSITY | RC 86.7 S12 1981 | 28004609 | 16.11.2021 | 16.11.2021 | Book | CM | |||||||
| AU LIBRARY | AU LIBRARY | Open Shelf | 24.02.2022 | DONATION FROM MOI UNIVERSITY | RC 86.7 S24 1981 C2 | 28005828 | 24.02.2022 | 24.02.2022 | Book | WO | 2 |